| 000 | 00649nam a2200241 a 4500 | ||
|---|---|---|---|
| 001 | 12868 | ||
| 003 | BD-JhCC | ||
| 005 | 20230521193557.0 | ||
| 008 | 230521s2022 uk a|||| |||| 000 0 eng d | ||
| 020 | _a9791220113649 | ||
| 035 | _a(BD-JhCC)12868 | ||
| 040 |
_aBD-JhCC _dBD-JhCC |
||
| 041 | _aeng | ||
| 082 |
_a128 _bISL 2022 |
||
| 100 | _aIslam, Rafiqul | ||
| 245 |
_aDr. Rafiqul Islam's autobiography & a tale of travel / _cRafiqul Islam |
||
| 260 |
_aLondon : _bEuropa Book, _c2022 |
||
| 300 |
_a494 p. : _bIllus; _c21 cm. |
||
| 504 | _aIncludes Bibliography | ||
| 600 | _aIslam, Rafiqul | ||
| 650 | _aAutiobiography | ||
| 942 |
_2ddc _cBK |
||
| 999 |
_c12868 _d12868 |
||